000 00613nam a2200205 4500
001 121644
003 ES-MaACL
005 20230906191806.0
007 t|
008 070214m19241928sp r ||||1| cat d
100 0 _aPlatón.
_992598
245 1 0 _aDialegs /
_cPlatón ; text i traducció de Joan Crexells.
260 _aBarcelona :
_bEd. Catalana,
_c1924-28.
300 _a3 v. ;
_c22 cm.
490 1 _aEscriptors grees (Fundació Bernat Metge
700 1 _aCrexells, Joan.
_941587
830 0 _aEscriptors grees (Fundació Bernat Metge
_9218768
852 _aES-MaACL
_jC-8180-82
999 _c121644
_d121644